000 00399nam a22001457a 4500
020 _a9693509242
082 _a891.4393
_bSHP
_cP-01, P-48
100 _aQudrat Ullah Shahab
_99763
245 _aنفسانے
_cQudrat Ullah Shahab
260 _aPakistan
_bsang e meel
_c1998
300 _a143 p.
_bill.
_c22 cm
526 _a0
_b0
_c0
_d891_439300000000000_SHP
650 _aNUST
_96342
942 _2ddc
_cBK
999 _c550226
_d550226